Thoughts for the quiet hour (Record no. 16929)
[ view plain ]
| 000 -LEADER | |
|---|---|
| fixed length control field | 00562cam a22002051 4500 |
| 001 - CONTROL NUMBER | |
| control field | ca 32000469 |
| 003 - CONTROL NUMBER IDENTIFIER | |
| control field | DLC |
| 005 - DATE AND TIME OF LATEST TRANSACTION | |
| control field | 20260227111126.0 |
| 008 - FIXED-LENGTH DATA ELEMENTS--GENERAL INFORMATION | |
| fixed length control field | 880912s1932 kyuac 000 0 eng |
| 010 ## - LIBRARY OF CONGRESS CONTROL NUMBER | |
| LC control number | ca 32000469 |
| 035 ## - SYSTEM CONTROL NUMBER | |
| System control number | (OCoLC)18471782 |
| 040 ## - CATALOGING SOURCE | |
| Original cataloging agency | DLC |
| Transcribing agency | RPB |
| Modifying agency | RPB |
| -- | DLC |
| 050 00 - LIBRARY OF CONGRESS CALL NUMBER | |
| Classification number | PS3527.E913 |
| Item number | T5 1932 |
| 082 ## - DEWEY DECIMAL CLASSIFICATION NUMBER | |
| Classification number | 811.5 |
| 100 1# - MAIN ENTRY--PERSONAL NAME | |
| Personal name | Newsom, W. E. |
| 245 10 - TITLE STATEMENT | |
| Title | Thoughts for the quiet hour |
| Statement of responsibility, etc. | [by] W.E. Newsom. |
| 260 ## - PUBLICATION, DISTRIBUTION, ETC. | |
| Place of publication, distribution, etc. | Cynthiana, Ky. |
| Name of publisher, distributor, etc. | [Log Cabin Printery] |
| Date of publication, distribution, etc. | 1932. |
| 300 ## - PHYSICAL DESCRIPTION | |
| Extent | 72 p. |
| Other physical details | illus. (incl. ports.) |
| Dimensions | 20 cm. |
| 500 ## - GENERAL NOTE | |
| General note | Poems. |
No items available.